Statystyki dla Quiz o Portugalii

Kliknij tutaj aby rozwiązać quiz!

Ogólne statystyki

  • Ten quiz został rozwiązany 3 446 razy
  • Średni wynik to 9 z 20

Statystyki odpowiedzi

WskazówkaOdpowiedź% Poprawnych
StolicaLizbona
99%
Państwo granicząceHiszpania
98%
Półwysep, na którym leży PortugaliaPółwysep {Iberyjski}
86%
Drugie najludniejsze miastoPorto
85%
Pięć razy został wybrany najlepszym graczem świata
w piłce nożnej
Cristiano Ronaldo
83%
Państwo skolonizowane przez Portugalię w 1500 r.Brazylia
73%
Odkrywca, który rozpoczął
pierwsze opłynięcie świata
Ferdynand
Magellan
63%
Odkrywca, który popłynął do IndiiVasco da Gama
54%
Archipelagi Portugalii leżące na Oceanie AtlantyckimMadera
39%
Archipelagi Portugalii leżące na Oceanie AtlantyckimAzory
38%
Najczęstsze imię wśród mężczyzn
(wskazówka: John, ale
przetłumaczony na oficjalny język)
João
32%
Kolonia, którą Chiny odzyskały w 1999 r.Makau
31%
Kraj sprzymierzony z Portugalią
od 1373 roku
Wielka Brytania
(Anglia)
27%
Portugalia zaspokaja 50% światowego
zapotrzebowania na ten produkt,
używany w przemyśle winiarskim
Korek
16%
Kolonia zajęta przez Indie w 1961 r.Goa
12%
Grupa muzułmańska, która kiedyś rządziła PortugaliąMaurowie
12%
Region najbardziej wysunięty na południeAlgarve
11%
Dawna walutaEscudo
8%
Region rzeczny i winiarskiDuero
5%
Słynna rasa psówPortugalski pies
{dowodny}
5%

Rozkład punktacji

Percentyl według liczby udzielonych odpowiedzi

Procent ludzi z każdym wynikiem

Twoja historia wyników

Nie rozwiązałeś tego quizu